000 00753nam a2200217 i 4500
001 46149
003 ES-MaACL
005 20250828084004.0
007 t|
008 030328s1954 fr ||||1| fre d
111 0 0 _aConférence Internationale de l'Instruction Publique (
_n17ª.
_d1954.
_cGinebra)
_9151
245 1 3 _aLa rétribution du personnel enseignant secondaire.
250 _a12ª ed.
260 _aParis, etc. :
_bUNESCO,
_c1954.
300 _a303 p. ;
_c24 cm.
490 1 _aPublications du Bureau International d'Education ;
_v156
710 2 0 _aOficina Internacional de Educación
_96022
830 0 _aPublications du Bureau International d'Education ;
_v156
_9181740
852 _aES-MaACL
_jC-9205
_bR.36594
999 _c46149
_d46149